Física : Para el Quinto Año de Educación Secundaria. CICLIO CIENCIAS (Conforme al nuevo Programa Oficial) (Registro nro. 613)
[ vista simple ]
| 000 -LEADER | |
|---|---|
| fixed length control field | 00776nam a2200265Ia 4500 |
| 005 - DATE AND TIME OF LATEST TRANSACTION | |
| control field | 20251020182443.0 |
| 008 - FIXED-LENGTH DATA ELEMENTS--GENERAL INFORMATION | |
| fixed length control field | 200515s9999 xx 000 0 und d |
| 082 ## - DEWEY DECIMAL CLASSIFICATION NUMBER | |
| Classification number | 53/M83/5 |
| 100 ## - MAIN ENTRY--PERSONAL NAME | |
| Personal name | Morote F., Benjamin |
| 100 ## - MAIN ENTRY--PERSONAL NAME | |
| Personal name | Moyano S., Eloy |
| 100 ## - MAIN ENTRY--PERSONAL NAME | |
| Personal name | Sánchez M., Dagoberto |
| 245 #0 - TITLE STATEMENT | |
| Title | Física : Para el Quinto Año de Educación Secundaria. CICLIO CIENCIAS (Conforme al nuevo Programa Oficial) |
| 250 ## - EDITION STATEMENT | |
| Edition statement | 13a ed. |
| 260 ## - PUBLICATION, DISTRIBUTION, ETC. | |
| Place of publication, distribution, etc. | Lima |
| 260 ## - PUBLICATION, DISTRIBUTION, ETC. | |
| Name of publisher, distributor, etc. | Colegio Militar Leoncio Prado |
| 260 ## - PUBLICATION, DISTRIBUTION, ETC. | |
| Date of publication, distribution, etc. | s.a. |
| 300 ## - PHYSICAL DESCRIPTION | |
| Extent | 216 p. |
| 300 ## - PHYSICAL DESCRIPTION | |
| Other physical details | il., tbl., graf. |
| 500 ## - GENERAL NOTE | |
| General note | 2 ejemplares |
| 520 ## - SUMMARY, ETC. | |
| Summary, etc. | Contiene información básica sobre la física dirigida a estudiantes de nivel secundario. |
| 650 ## - SUBJECT ADDED ENTRY--TOPICAL TERM | |
| Topical term or geographic name entry element | FISICA |
| 942 ## - ADDED ENTRY ELEMENTS (KOHA) | |
| Koha item type | Libros |
| Fecha de la última vez que lo usaron | Pago total | Signatura topográfica completa | Código de barras | Precio efectivo desde | Tipo de documento | Estado perdido | Estado dañado | No es para préstamo | Retirado | Ubicación permanente | Ubicación actual | Fecha de adquisición | Número de ejemplar |
|---|---|---|---|---|---|---|---|---|---|---|---|---|---|
| 15/05/2020 | 53/M83/5 | Bib-Lima15050613 | 15/05/2020 | Libros | Biblioteca Central Lima | Biblioteca Central Lima | 15/05/2020 | ||||||
| 15/05/2020 | 53/M83/5 | Bib-Lima16050613 | 15/05/2020 | Libros | Biblioteca Central Lima | Biblioteca Central Lima | 15/05/2020 | Ej.2 |